| 000 | 00688nam a22002177a 4500 | ||
|---|---|---|---|
| 003 | OSt | ||
| 005 | 20260310010451.0 | ||
| 008 | 260310b |||||||| |||| 00| 0 eng d | ||
| 020 | _a981-247-162-6. | ||
| 040 |
_aDWCL Main lib _cOC |
||
| 082 |
_211th ed. _aCirc. 530 Y73s 2004 |
||
| 100 | _aFord, A. Lewis | ||
| 245 |
_aSears and Zemansky's university physics with modern physics _cA. Lewis Ford |
||
| 250 | _a11th ed. | ||
| 260 |
_aSingapore : _bPearson Education (Asia) Pte. Ltd., _cc2004. |
||
| 300 |
_axxi, 1714, A47 p. : _bill. ; _c25 cm. |
||
| 650 | _aPhysics--Textbooks. | ||
| 700 | _aRoger A. Freedman | ||
| 700 | _aHugh D. Young | ||
| 942 |
_2ddc _cBK-CIRC _e11th ed. _kCirc. _n0 |
||
| 999 |
_c8800 _d8800 |
||